000 00297nam a22001337a 4500
008 170816b xxu||||| |||| 00| 0 eng d
020 _a9780024183439
041 _aeng
080 _a51
100 _a36
101 _aMAT
245 _aCASIO GRAPHICS CALCULATORS
_cGIRARD.J.E
942 _2udc
_cBK
999 _c23786
_d23786